000 00984nam a22001817a 4500
999 _c63111
_d63111
005 20251125233101.0
008 s2553 th tha d
040 _aNALT
041 _atha
090 _aIS 5/2553 16
100 0 _aปณัสยา จันทราสูงเนิน
_99106
245 1 0 _aการเพิ่มประสิทธิภาพการกันเงินไว้เบิกจ่ายเหลื่อมปีและการขยายเวลาเบิกจ่ายเงินของสำนักงานเลขาธิการสภาผู้แทนราษฎร : เอกสารวิชาการกรณีศึกษาส่วนบุคคล
260 3 _aกรุงเทพฯ :
_bรัฐสภา,
_c2553
850 _aNALT
856 4 0 _uhttps://hdl.handle.net/20.500.14156/18434
942 _cIS
_2local